| 000 | 01452nam a2200361 a 4500 | ||
|---|---|---|---|
| 001 | ebr10177943 | ||
| 003 | CaPaEBR | ||
| 006 | m u | ||
| 007 | cr cn||||||||| | ||
| 008 | 051012s2006 enk sb 001 0 eng | ||
| 010 | _z 2005029735 | ||
| 020 | _z0199264848 (acid-free paper) | ||
| 020 | _z9780199264841 | ||
| 040 |
_aCaPaEBR _cCaPaEBR |
||
| 035 | _a(OCoLC)252681171 | ||
| 043 | _ae-uk--- | ||
| 050 | 1 | 4 |
_aPR830.N356 _bP37 2006eb |
| 082 | 0 | 4 |
_a823.009/358 _222 |
| 100 | 1 | _aParrinder, Patrick. | |
| 245 | 1 | 0 |
_aNation & novel _h[electronic resource] : _bthe English novel from its origins to the present day / _cPatrick Parrinder. |
| 246 | 3 | _aNation and novel | |
| 260 |
_aOxford ; _aNew York : _bOxford University Press, _c2006. |
||
| 300 | _aviii, 502 p. | ||
| 504 | _aIncludes bibliographical references (p. [472]-485) and index. | ||
| 533 |
_aElectronic reproduction. _bPalo Alto, Calif. : _cebrary, _d2013. _nAvailable via World Wide Web. _nAccess may be limited to ebrary affiliated libraries. |
||
| 650 | 0 |
_aEnglish fiction _xHistory and criticism. |
|
| 650 | 0 | _aNational characteristics, English, in literature. | |
| 650 | 0 |
_aNationalism and literature _zGreat Britain. |
|
| 650 | 0 | _aNationalism in literature. | |
| 655 | 7 |
_aElectronic books. _2local |
|
| 710 | 2 | _aebrary, Inc. | |
| 856 | 4 | 0 |
_uhttp://site.ebrary.com/lib/rucke/Doc?id=10177943 _zAn electronic book accessible through the World Wide Web; click to view |
| 999 |
_c237252 _d237252 |
||